00757nam a2200193 450000500170000001000150001702000250003203500140005703700090007108200250008010000290010524500790013426000500021327000920026330000200035594200410037599900190041695201280043520241121171901.0 aENG-142338 c300.00a978931032326 aEN-125870 bDBAD a372.323rd (revised) aNachiketa, Neeraj974033 aScience & Technology:bFrom Inception to Advancement/cby Neeraj Nachiketa aHaryanabOakBridge Publishing Pvt. Ltd.c2022 aM 35, Ist Floor, Old DLF, Gurugram,bHaryanae122001k91 124 4305970minfo@oakbridge.in a641p.c23cm(pb) 2ddccENh372.3mNACeThird (Revised) c206622d206622 001040708NFICaBNbBNd2024-10-23eDBADg595.00l0o372.3 NACpEN-125870r2024-10-23 00:00:00t1v595.00w2024-10-23yEN